|
|
|
|
| LEADER |
00992nam a2200217 a 4500 |
| 001 |
GR-MES3374 |
| 008 |
991111s1995 gr 000 0 gre d |
| 020 |
|
|
|a 9602323396
|
| 040 |
|
|
|a GrPaTEI
|b gre
|c GR-PaULI
|
| 245 |
0 |
3 |
|a Οι τροποποιήσεις του δικαίου της αναγκαστικής εκτελέσεως με το Ν.2298 1995 :
|b ΦΕΚ 62 της 4ης Απριλίου 1995,τεύχος πρώτο.
|
| 260 |
|
|
|a Αθήνα :
|b Σάκκουλας,
|c 1995
|
| 300 |
|
|
|a 78σελ.
|
| 650 |
|
4 |
|a ΕΚΤΕΛΕΣΤΙΚΟ ΔΙΚΑΙΟ
|
| 650 |
|
4 |
|a Ν.2298/1995
|
| 650 |
|
4 |
|a Νομοθεσία
|
| 650 |
|
4 |
|a ΣΩΦΡΟΝΙΣΤΙΚΗ ΠΟΛΙΤΙΚΗ
|
| 700 |
1 |
|
|a Νικολόπουλος, Γ.
|
| 942 |
|
|
|2 ddc
|
| 952 |
|
|
|0 0
|1 0
|2 ddc
|4 0
|6 342_000000000000000_ΝΙΚ
|7 0
|9 267954
|a MSLG
|b MSLG
|c BSC
|d 2021-01-17
|e 24
|f 0
|g 0.00
|l 0
|o 342 ΝΙΚ
|p 2420000012131
|r 2021-01-17 00:00:00
|t 1
|w 2021-01-17
|y BK15
|x 19991111 0 1
|x GrPaTEI
|
| 971 |
|
|
|a .b25744197
|b 16-04-20
|c 13-09-16
|
| 999 |
|
|
|c 154310
|d 154310
|